The Chinese road to socialism : economics of the Cultural Revolution

Αποθηκεύτηκε σε:
Λεπτομέρειες βιβλιογραφικής εγγραφής
Κύριος συγγραφέας: Wheelwright, E. L. (Edward Lawrence)
Άλλοι συγγραφείς: McFarlane, Bruce J., Robinson, Joan, 1903-1983 (Συγγραφέας εισαγωγής κ.λπ.)
Μορφή: Βιβλίο
Γλώσσα:English
Δημοσίευση: Harmondsworth, Middlesex, England : Penguin, 1973
Θέματα:
Ετικέτες: Προσθήκη ετικέτας
Δεν υπάρχουν, Καταχωρήστε ετικέτα πρώτοι!

MARC

LEADER 00000cam a2200000 i 4500
001 1/7714
008 000622s1973 eng d
020 |a 0853451508 
035 |l 10062387 
040 |a GR-MY-UA  |b gre  |e aacr 
041 0 |a eng 
082 0 |a 330.951 
100 1 |a Wheelwright, E. L.   |q (Edward Lawrence) 
245 1 4 |a The Chinese road to socialism :  |b economics of the Cultural Revolution /  |c [by] E. L. Wheelwright and Bruce McFarlane ; foreword by Joan Robinson 
260 |a Harmondsworth, Middlesex, England :   |b Penguin,   |c 1973 
300 |a 269 p. 
504 |a Includes index 
651 0 |a China  |x Economic conditions  |y 1949-1976. 
700 1 |a McFarlane, Bruce J. 
700 1 |a Robinson, Joan,   |d 1903-1983.  |4 aui 
767 0 8 |t Ο κινέζικος δρόμος για το σοσιαλισμό :  
852 |a INST  |b LESVOS  |e 20000622  |h 330.951 WHE  |p 005100023365  |q 005100023365  |t BK  |y 0 
909 |a Λ  |b 052064 
970 |z 2000/06/ΟΙΚΟΝΟΜΟΠΟΥΛΟΥ ΧΡΙΣΤΙΝΑ